Mobile business: developing guiding principles, measures and good practice for the adoption, implementation and operation of mobile business (mBusiness) to facilitate international trade (Record no. 51343)

MARC details
000 -LEADER
fixed length control field 00909nam a2200145 a 4500
008 - FIXED-LENGTH DATA ELEMENTS--GENERAL INFORMATION
fixed length control field 120813s2012 ||||||||||||||||| || u
050 ## - LIBRARY OF CONGRESS CALL NUMBER
Classification number UNECE(02)
110 ## - MAIN ENTRY--CORPORATE NAME
Corporate name or jurisdiction name as entry element United Nations Economic Commission for Europe (UNECE)
245 10 - TITLE STATEMENT
Title Mobile business: developing guiding principles, measures and good practice for the adoption, implementation and operation of mobile business (mBusiness) to facilitate international trade
Statement of responsibility, etc. United Nations Economic Commission for Europe [UN-ECE] and the United Nations Centre for Trade Facilitation and Electronic Business (UN/CEFACT)
260 ## - PUBLICATION, DISTRIBUTION, ETC.
Place of publication, distribution, etc. Geneva:
Name of publisher, distributor, etc. United Nations Economic Commission for Europe (UNECE)
Date of publication, distribution, etc. 2012
300 ## - PHYSICAL DESCRIPTION
Extent 8p.
650 ## - SUBJECT ADDED ENTRY--TOPICAL TERM
Topical term or geographic name entry element ELECTRONIC COMMERCE--EAST AFRICAN COMMUNITY
856 ## - ELECTRONIC LOCATION AND ACCESS
Uniform Resource Identifier <a href="http://www.unece.org/cefact/">http://www.unece.org/cefact/</a>
995 ## - RECOMMENDATION 995 [LOCAL, UNIMARC FRANCE]
-- CBU-MAIN LIBRARY (Kitwe)
-- 1
-- AVAILABLE
-- Aug 16, 2012
-- International Publications
Holdings
Withdrawn status Lost status Source of classification or shelving scheme Damaged status Not for loan Home library Current library Shelving location Date acquired Total Checkouts Full call number Barcode Date last seen Price effective from Koha item type
          CBU-MAIN LIBRARY, KITWE. CBU-MAIN LIBRARY, KITWE.   11/30/2022   UNECE(02) B125 11/30/2022 11/30/2022 MONOGRAPH